[Event "Helsinki We op"]
[Site "Helsinki"]
[Date "1996.??.??"]
[Round "5"]
[White "Kiltti, Jyrki"]
[Black "Paasikangas, Johanna"]
[Result "1-0"]
[WhiteElo "2235"]
[BlackElo "2200"]

1.Nc3 g6 2.e4 Bg7 3.d4 c5 4.d5 d6 5.Nf3 a6 6.a4 b6 7.Be2 Nd7 8.O-O Ngf6 9.h3 O-O
10.Be3 Rb8 11.Nd2 Ne8 12.f4 Nc7 13.g4 b5 14.axb5 axb5 15.g5 b4 16.Na4 e6
17.dxe6 fxe6 18.Nc4 d5 19.Na5 Ra8 20.Nxc5 e5 21.Nc6 Rxa1 22.Qxa1 Qe8 23.Qa7 Nxc5
24.Qxc5 Bxh3 25.Ne7+ Kh8 26.Qxc7 Bxf1 27.Bxf1 dxe4 28.Nd5 Qe6 29.Nf6 exf4
30.Qxf4 Bxf6 31.gxf6 g5 32.Bd4 h6 33.Bh3 Qd5 34.Qe5  1-0

[Event "HUN-chT1 9697"]
[Site "Hungary"]
[Date "1996.??.??"]
[Round "1"]
[White "Pogats, Jozsef"]
[Black "Soponyai, Tamas"]
[Result "1/2-1/2"]
[WhiteElo "2235"]
[BlackElo "2095"]

1.e4 g6 2.d4 Bg7 3.Nc3 d5 4.exd5 Nf6 5.Nf3 Nxd5 6.Nxd5 Qxd5 7.Be2 O-O 8.O-O c6
9.c3 Bg4 10.h3 Bxf3 11.Bxf3 Qd6 12.Qb3 Qc7 13.Re1 e6 14.g3 Nd7 15.Bf4 e5
16.dxe5 Bxe5 17.Bxe5 Nxe5 18.Bg2 Rfe8 19.Re3 Nd7 20.Rae1 Re5 21.Rxe5 Nxe5  1/2-1/2

[Event "POR-ch"]
[Site "Lisbon"]
[Date "1996.??.??"]
[Round "6"]
[White "Leonardo, Joao"]
[Black "Silva, Fernando"]
[Result "0-1"]
[WhiteElo "2285"]
[BlackElo "2375"]

1.e4 g6 2.d4 Bg7 3.Nc3 c5 4.dxc5 Qa5 5.Bd3 Bxc3+ 6.bxc3 Qxc3+ 7.Bd2 Qxc5
8.Ne2 Nf6 9.O-O d5 10.e5 Ng4 11.e6 Bxe6 12.Nf4 Bd7 13.Qe1 Qc7 14.h3 Nf6 15.Bc3 Qxf4
16.Be5 Qh4 17.g3 Qxh3 18.Bxf6 O-O 19.Qxe7 Nc6 20.Qe3 Nb4 21.Qf4 Nxd3 22.cxd3 Qf5
23.Qxf5 Bxf5 24.d4 Rfe8 25.Rfe1 h5 26.f3 Re6 27.Rxe6 Bxe6 28.Rb1 b6 29.Kf2 Rc8
30.Ke3 Kf8 31.Rb2 Ke8 32.Kf4 Rc3 33.Rh2 Kd7 34.g4 hxg4 35.fxg4 Kc6 36.Be7 Rc1
37.Rg2 Re1 38.Bf6 Rf1+ 39.Kg5 Rc1 40.Kh6 Kb5 41.Kg7 Kc4 42.g5 b5 43.Rb2 b4
44.Bd8 Kb5 45.Kf6 a5 46.Ke5 Re1+ 47.Kd6 Re3 48.Rh2 Rc3 49.Rh8 a4 50.Be7 b3
51.axb3 axb3 52.Ra8 Rc6+ 53.Ke5 b2 54.Bc5 Rc8  0-1

[Event "Litomysl op"]
[Site "Litomysl"]
[Date "1996.??.??"]
[Round "7"]
[White "Atanasov, Radislav"]
[Black "Okhotnik, Vladimir"]
[Result "0-1"]
[WhiteElo "2265"]
[BlackElo "2415"]

1.d4 g6 2.e4 Bg7 3.Nc3 a6 4.g3 c5 5.dxc5 Qa5 6.Ne2 Nf6 7.Bg2 Qxc5 8.O-O d6
9.h3 O-O 10.Be3 Qc7 11.Qd2 Nc6 12.a4 Ne5 13.b3 Bxh3 14.f4 Bxg2 15.fxe5 Nxe4
16.Nxe4 Bxe4 17.exd6 exd6  0-1

[Event "Loures"]
[Site "Loures"]
[Date "1996.??.??"]
[Round "7"]
[White "Fernandes, Antonio"]
[Black "Rocha, Sergio"]
[Result "1-0"]
[WhiteElo "2410"]
[BlackElo "2400"]

1.d4 g6 2.e4 Bg7 3.Nc3 d5 4.exd5 Nf6 5.Nf3 O-O 6.Be2 Nxd5 7.Nxd5 Qxd5 8.c4 Qe4
9.O-O Nc6 10.Be3 e5 11.d5 Nd4 12.Nxd4 exd4 13.Bf3 Qe5 14.Bd2 Bd7 15.Qb3 b6
16.Rae1 Qf6 17.Qa3 Rfe8 18.Rxe8+ Bxe8 19.Qa6 Bf8 20.Qb7 Qd8 21.Bg5 Qc8 22.Qxc8 Rxc8
23.Bf6 c5 24.Bg4 Rb8 25.Be5 Ra8 26.Bc7 f5 27.Bf3 Bd7 28.Re1 Kf7 29.d6 Re8
30.Bd5+ Kf6 31.Rxe8 Bxe8 32.f4 Bd7 33.b3 g5 34.Bb8 a5 35.fxg5+ Kxg5 36.a4 Kf4
37.Kf2 Ke5 38.Bc7 Bxd6 39.Bxb6 f4 40.Bxa5 Bf5 41.Bd2 Be4 42.Bxe4 Kxe4 43.Ke2 Bb8
44.Ba5 d3+ 45.Kd2 Kd4 46.h3  1-0

[Event "Lyngby mT"]
[Site "Lyngby"]
[Date "1996.??.??"]
[Round "5"]
[White "Peicheva Hansen, Evgenia"]
[Black "Nilsson, Nils Specht"]
[Result "0-1"]
[WhiteElo "2180"]
[BlackElo "2225"]

1.d4 g6 2.e4 Bg7 3.Nc3 c5 4.Be3 Qa5 5.Qd2 cxd4 6.Bxd4 Nf6 7.f3 Nc6 8.Be3 O-O
9.Nge2 b5 10.Nd4 Nxd4 11.Bxd4 b4 12.Nd5 Nxd5 13.Bxg7 Kxg7 14.Qxd5 Qxd5 15.exd5 Bb7
16.O-O-O Rfc8 17.Bb5 d6 18.Rhe1 Rc5 19.Bc6 Bxc6 20.dxc6 Kf8 21.Rd4 a5 22.Rh4 h5
23.g4 Rc8 24.gxh5 Rxh5 25.Rxh5 gxh5 26.Re3 Rxc6 27.a3 Rc4 28.axb4 axb4 29.Kd2 Rd4+
30.Ke1 Rh4 31.Re2 e5 32.Kd2 Ke7 33.c3 bxc3+ 34.bxc3 Ke6 35.Ke3 f5 36.Ra2 Kd5
37.Rd2+ Kc5 38.Ra2 Rh3 39.Ra8 e4 40.Ra5+ Kc4 41.Rxf5 exf3 42.Rf6 f2+ 43.Kxf2 Rxh2+
44.Ke3 Rh3+ 45.Ke2 Rd3 46.Rf5 Rh3 47.Rf6 Kd5 48.Rh6 Rh1 49.Kd3 h4 50.Rh5+ Kc6
51.Ke2 d5 52.Kf2 h3 53.Rh8 Kb5 54.Rb8+ Kc4 55.Rc8+ Kb3 56.Kg3 Rc1 57.Rb8+ Kxc3
58.Kxh3 Rg1 59.Rc8+ Kd3 60.Kh2 Rg5 61.Rc5 Kd4 62.Rb5 Kc4 63.Ra5 Kb4 64.Ra8 d4
65.Rd8 Kc3  0-1

[Event "Manresa op"]
[Site "Manresa"]
[Date "1996.??.??"]
[Round "8"]
[White "Delchev, Aleksander"]
[Black "Lupu, Mircea Sergiu"]
[Result "1-0"]
[WhiteElo "2510"]
[BlackElo "2480"]

1.e4 g6 2.d4 Bg7 3.Nc3 d5 4.exd5 Nf6 5.Bc4 O-O 6.Nge2 Nbd7 7.Bb3 a6 8.a4 Rb8
9.O-O Nb6 10.Nf4 Bg4 11.f3 Bc8 12.a5 Nbd7 13.Re1 Ne8 14.Be3 Nd6 15.Bf2 Nf6
16.Nd3 Nb5 17.Nxb5 axb5 18.Nb4 Ra8 19.Qe2 Bd7 20.Qxe7 Qc8 21.d6 c6 22.Nd3 Nd5
23.Bxd5 cxd5 24.Nc5 Rd8 25.c3 Bf8 26.Qf6 Qc6 27.Bg3 Bg7 28.Qf4 f6 29.Re7  1-0

[Event "Mar del Plata op"]
[Site "Mar del Plata"]
[Date "1996.??.??"]
[Round "9"]
[White "Toloza, Pablo"]
[Black "Amura, Claudia Noemi"]
[Result "1/2-1/2"]
[WhiteElo "2395"]
[BlackElo "2360"]

1.e4 g6 2.d4 Bg7 3.Nc3 c5 4.Nge2 cxd4 5.Nxd4 Nc6 6.Be3 Nf6 7.Bc4 d6 8.f3 Qb6
9.Bb5 Qc7 10.Nd5 Nxd5 11.exd5 a6 12.Bxc6+ bxc6 13.Nxc6 Bb7 14.Bd4 Bxd4 15.Qxd4 O-O
16.O-O Bxc6 17.dxc6 Qxc6 18.c4 Rfd8 19.Rad1 Qa4 20.Qc3 Rab8 21.Ra1 Qb4 22.Qxb4 Rxb4
23.b3 a5 24.Rfe1 Kf8 25.Rad1 Rdb8 26.Rd3 h5 27.Ree3 a4 28.Kf2 R8b6 29.Ke2 Ke8
30.Kd2 Kd7 31.Kc2 Rb7 32.Rd5 axb3+ 33.axb3 Ra7 34.Kb2 Kc6 35.Rg5 e6 36.h4 d5
37.cxd5+ exd5 38.g4 hxg4 39.fxg4 Rf4 40.Rh3 Rf2+ 41.Kc3  1/2-1/2

[Event "Wch U16 Girls"]
[Site "Menorca"]
[Date "1996.??.??"]
[Round "6"]
[White "Zozulia, Anna"]
[Black "Shahade, Jennifer"]
[Result "1-0"]
[WhiteElo "2280"]
[BlackElo "2110"]

1.e4 g6 2.d4 Bg7 3.Nc3 c5 4.Be3 cxd4 5.Bxd4 Nf6 6.Be2 d6 7.f4 Nc6 8.Be3 O-O
9.h3 d5 10.exd5 Nb4 11.Bf3 Bf5 12.Rc1 Qa5 13.g4 Bc8 14.Bd2 Nxa2 15.Ra1 Nxc3
16.Bxc3 Qc7 17.Ne2 Rd8 18.Be5 Qc5 19.Nc3 Nxd5 20.Nxd5 e6 21.b4 Qf8 22.Nf6+ Bxf6
23.Bxf6 Rxd1+ 24.Rxd1 Bd7 25.Rxd7 Qxb4+ 26.Kf2 Qxf4 27.g5 Rc8 28.c3 e5 29.Rhd1 Qh2+
30.Bg2 Qf4+ 31.Kg1 Qe3+ 32.Kh1 Qb6 33.Rd8+ Rxd8 34.Rxd8+ Qxd8 35.Bxd8 b6
36.Bc7  1-0

[Event "Wch U12 Girls"]
[Site "Menorca"]
[Date "1996.??.??"]
[Round "8"]
[White "Gara, Ticia"]
[Black "Kosteniuk, Alexandra"]
[Result "1/2-1/2"]
[WhiteElo "2060"]
[BlackElo "2295"]

1.e4 g6 2.d4 Bg7 3.Nc3 d5 4.exd5 Nf6 5.Bc4 Nbd7 6.Nge2 Nb6 7.Bb3 Nbxd5 8.O-O Nxc3
9.bxc3 O-O 10.Ng3 b6 11.Ba3 Bb7 12.Re1 Re8 13.Ba4 c6 14.c4 a6 15.c3 b5 16.Bc2 Qc7
17.Ne4 Rad8 18.Nxf6+ Bxf6 19.Qg4 Bc8 20.Qg3 Qxg3 21.hxg3 Be6 22.Be4 Rc8 23.cxb5 cxb5
24.Bb4 Rc4 25.Bd3 Rc7 26.a4 Bc4 27.Be4 bxa4 28.Rxa4 Bb5 29.Ra3 e6 30.Rd1 Be7
31.Bxe7 Rexe7 32.Bd3 Bxd3 33.Rxd3 Rc6 34.Kf1 Rec7 35.Ke2 Kf8 36.Re3 Ke7 37.Kd3 Kd7
38.g4 f6 39.Re1 Kc8 40.Rc1 Rd6 41.Ra5 Rcd7 42.f4 Kb7 43.Re1 Rb6 44.Ra2 Rc7
45.Re3 Rcc6 46.Kc2 Rb5 47.Rh3 Rc7 48.Ra1 e5 49.dxe5 fxe5 50.Rah1 exf4 51.Rxh7 Re5
52.Rxc7+ Kxc7 53.Rh7+ Kc6 54.Rf7 Re2+ 55.Kb3 g5 56.Rf5 Rxg2 57.Rxg5 f3 58.Rf5 Rxg4
59.Rxf3 Rg6 60.Kb4 Kb6 61.c4 a5+ 62.Ka4 Rg4 63.Rf6+ Kc5 64.Kxa5 Rxc4  1/2-1/2

[Event "Crespi mem"]
[Site "Milan"]
[Date "1996.??.??"]
[Round "2"]
[White "Marcoli, Paolo"]
[Black "Wohl, Aleksandar H"]
[Result "1/2-1/2"]
[WhiteElo "2150"]
[BlackElo "2400"]

1.e4 g6 2.d4 Bg7 3.Nc3 c5 4.d5 d6 5.f4 Nf6 6.Bd3 O-O 7.Nf3 Na6 8.O-O Nc7
9.Qe1 e6 10.dxe6 Nxe6 11.f5 Nd4 12.Qh4 Nd7 13.Bg5 Bf6 14.Bxf6 Qxf6 15.Qxf6 Nxf3+
16.Rxf3 Nxf6 17.fxg6 fxg6 18.Raf1 Kg7 19.Nd5 Nd7 20.Nc7 Rxf3 21.Rxf3 Rb8
22.Ne8+ Kh6 23.Nxd6 b5 24.Nxc8 Rxc8 25.Bxb5 Ne5 26.Rc3 Kg5 27.Bc4 Rb8 28.b3 a5
29.Bd5 Rb4 30.Rxc5 Rd4 31.Bc4 Kf4 32.Bd3 Nxd3 33.cxd3 Rxd3 34.Rxa5 Rd1+ 35.Kf2 Rd2+
36.Ke1 Rxg2 37.e5 Kf5 38.h4 Rg4 39.h5 gxh5 40.e6+ Kxe6 41.Rxh5 Rg2 42.a4 Rb2
43.Rb5 h5 44.Kd1 Kd6 45.Kc1 Rh2 46.a5 Kc6 47.Rb6+ Kc7 48.Kb1 h4 49.Rb4 h3
50.Rh4 Kc6 51.Rh5 Rg2 52.Rxh3 Kb5 53.Rh5+ Kb4 54.a6 Rg6 55.a7 Ra6 56.Kb2 Rxa7
57.Rh4+ Kb5 58.Rh8 Rb7 59.Rc8 Kb4 60.Rc4+ Kb5 61.Kc3 Rh7 62.Rb4+ Kc5 63.Rg4 Rh3+
64.Kb2 Kb5 65.Ka3 Rh1 66.Rg5+ Kb6 67.Ka4 Rh4+ 68.b4 Rh6 69.Rb5+ Ka6 70.Rd5 Kb6
71.Rd4 Rg6 72.Rd8 Rh6 73.Rb8+ Ka7 74.Rb5 Ka6 75.Ra5+  1/2-1/2

[Event "Montreal op"]
[Site "Montreal"]
[Date "1996.??.??"]
[Round "3"]
[White "Girard, Robin"]
[Black "Hergott, Deen"]
[Result "1/2-1/2"]
[WhiteElo "2215"]
[BlackElo "2485"]

1.e4 g6 2.d4 Bg7 3.Nc3 c5 4.Nf3 cxd4 5.Nxd4 Nc6 6.Be3 Nf6 7.Nb3 d6 8.Be2 O-O
9.f4 a5 10.a4 Nb4 11.O-O Bd7 12.Bf3 Qc7 13.Rf2 Rfd8 14.Rd2 Rac8 15.Kh1 Bc6
16.Nd4 Nd7 17.Ncb5 Qb8 18.c3 Na6 19.Nxc6 bxc6 20.Nd4 e5 21.Nb3 exf4 22.Bxf4 Be5
23.Bxe5 Nxe5 24.Nxa5 Qb6 25.b4 c5  1/2-1/2

[Event "Moravia-ch op"]
[Site "Moravia"]
[Date "1996.??.??"]
[Round "?"]
[White "Korneevets, Alexander"]
[Black "Biolek, Richard"]
[Result "1/2-1/2"]
[WhiteElo "2325"]
[BlackElo "2395"]

1.d4 g6 2.e4 Bg7 3.Nc3 Nc6 4.Nf3 d5 5.h3 Nh6 6.Be2 O-O 7.O-O f6 8.Re1 Nf7
9.Bf1 e6 10.b3 Re8 11.Bb2  1/2-1/2

[Event "Moscow-ch"]
[Site "Moscow"]
[Date "1996.??.??"]
[Round "1"]
[White "Kuznetsova, Elena"]
[Black "Hramtsov, A."]
[Result "0-1"]
[WhiteElo "2250"]
[BlackElo "2350"]

1.e4 g6 2.d4 Bg7 3.Nc3 Nc6 4.Be3 d5 5.Nxd5 e6 6.Nf4 Nxd4 7.c3 Nc6 8.Qxd8+ Nxd8
9.O-O-O e5 10.Nd5 Ne6 11.Nf3 c6 12.Nb4 Nf6 13.Nxe5 Nxe4 14.f4 O-O 15.Bd3 N6c5
16.Bc2 Be6 17.Nbd3 Nxd3+ 18.Rxd3 Nf6 19.Rhd1 Nd5 20.Bd2 Rfe8 21.Rg3 Rad8
22.Nf3 Ne7 23.Ng5 Bf5 24.Re3 h6 25.Nf3 Be6 26.Rde1 Nd5 27.R3e2 Nc7 28.h3 Bc4
29.Re7 Rc8 30.f5 Rxe7 31.Rxe7 Kf8 32.Re4 Bf1 33.Rg4 g5 34.h4 f6 35.hxg5 fxg5
36.Be3 b6 37.Nd2 Be2 38.Re4 Re8 39.c4 Rxe4 40.Bxe4 c5 41.b3 Be5 42.Nf3 Bg3
43.Kd2 Bf1 44.Ne1 Ke7 45.Nc2 Kd6 46.Bg1 Ke5 47.Bc6 Bf4+ 48.Ne3 h5 49.Bb7 Ne8
50.Bf3 g4 51.Bc6 Nd6 52.Kc3 Bxe3 53.Bxe3 Nxf5 54.Bg5 h4 55.Kd2 h3 56.gxh3 Bxh3
57.Ke1 Nd4  0-1

[Event "JUG-chT (Women)"]
[Site "Novi Sad"]
[Date "1996.??.??"]
[Round "?"]
[White "Vuksanovic, Sanja"]
[Black "Petrovic, Marija"]
[Result "1/2-1/2"]
[WhiteElo "2285"]
[BlackElo "2260"]

1.e4 g6 2.d4 Bg7 3.Nc3 a6 4.a4 b6 5.Nf3 Bb7 6.Bc4 d6 7.O-O e6 8.Re1 Nd7 9.Ng5 Qe7
10.f4 h6 11.Nf3 Ngf6 12.f5 e5 13.fxg6 fxg6 14.dxe5 Nxe5 15.Nxe5 Qxe5 16.Nd5 O-O-O
17.Bf4 Qe8 18.Qd3 Nxd5 19.exd5 Qf7 20.Rf1 Qf5 21.Qxf5+ gxf5 22.c3 Rde8 23.Rae1 Kd8
24.Bd2 Rhf8 25.Rxe8+ Kxe8 26.Rf3 Ke7 27.Kf2 b5 28.axb5 axb5 29.Bxb5 Bxd5
30.Rg3 Kf7 31.Be2 Rb8 32.Bh5+ Kf8 33.b4 Ra8 34.Bf3 Ra2 35.Ke1 Be6 36.Bh5 Be5
37.Bxh6+ Ke7 38.Bg5+ Kd7 39.Re3 Rxg2 40.h4 Rc2 41.Kd1 Rxc3 42.Rxc3 Bxc3 43.b5 Bb3+
44.Kc1 Bc4 45.Bg6 Ke6 46.Bd8 Bf6 47.Bxc7 Bxb5 48.Bxf5+ Kxf5 49.Bxd6  1/2-1/2

[Event "ESP-chTA"]
[Site "Oropesa del Mar"]
[Date "1996.??.??"]
[Round "4"]
[White "Rojo Huerta, Gabriel"]
[Black "Gil Gonzales, Jose Manuel"]
[Result "1/2-1/2"]
[WhiteElo "2355"]
[BlackElo "2410"]

1.d4 g6 2.e4 Bg7 3.Nc3 Nc6 4.Be3 d6 5.Qd2 e5 6.d5 Nce7 7.f4 Nf6 8.fxe5 dxe5
9.Bb5+ c6 10.dxc6 Qxd2+ 11.Bxd2 Nxc6 12.Nf3 O-O 13.Bxc6 bxc6 14.O-O-O Ng4
15.Rde1 f6 16.h3 Nh6 17.Be3 Nf7 18.g4 Re8 19.Rd1 Be6 20.Na4 Rad8 21.Rxd8 Rxd8
22.b3 a6 23.Nc5 Bc8 24.Rd1 Bf8 25.Rf1 Kg7 26.Nd2 Nd6 27.Nd3 Be7 28.Bc5 Re8
29.Rf3 Nb5 30.Nc4 Nd4 31.Rf2 Ne6 32.Bxe7 Rxe7 33.h4 h6 34.c3 Rd7 35.Kc2 g5
36.hxg5 Nxg5 37.Nc5 Rd8 38.Ne3 Kg6 39.a4 Nh3 40.Rh2 Ng5 41.b4 Ne6 42.Nf5 Nxc5
43.Rxh6+ Kg5 44.bxc5 Rf8 45.Kd3 Kf4 46.a5 Bxf5 47.gxf5  1/2-1/2

[Event "Komercni Banka op"]
[Site "Pardubice"]
[Date "1996.??.??"]
[Round "8"]
[White "Crouch, Colin S"]
[Black "Vokac, Marek"]
[Result "1/2-1/2"]
[WhiteElo "2375"]
[BlackElo "2470"]

1.d4 g6 2.e4 Bg7 3.Nc3 d5 4.exd5 Nf6 5.Bb5+ Nbd7 6.Nge2 O-O 7.Nf4 Nb6 8.Qf3 Bg4
9.Qg3 Bf5 10.Qf3 Bg4 11.Qg3 Bf5 12.Qf3  1/2-1/2

[Event "Petah Tiqwa-B"]
[Site "Petah Tiqwa"]
[Date "1996.??.??"]
[Round "4"]
[White "Blass, Uri"]
[Black "Bitansky, Igor"]
[Result "0-1"]
[WhiteElo "2025"]
[BlackElo "2145"]

1.e4 g6 2.d4 Bg7 3.Nc3 c5 4.dxc5 Qa5 5.Bd2 Qxc5 6.Nf3 d6 7.Bb5+ Nd7 8.O-O Nf6
9.Be3 Qc7 10.Qd2 O-O 11.Bh6 a6 12.Bxg7 Kxg7 13.Bxd7 Nxd7 14.Qd4+ Kg8 15.Nd5 Qd8
16.Rad1 b6 17.e5 e6 18.Nf6+ Nxf6 19.exf6 d5 20.Qe5 Re8 21.Rd4 Ra7 22.Rh4 Rc7
23.Ng5 h5 24.Nf3 Rc4 25.Rxh5 Qc7 26.Qg5 Qf4 27.c3 Qxg5 28.Rxg5 Rf4 29.Re1 Kf8
30.Nd4 Rxf6 31.g3 Bd7 32.f4 Kg7 33.Rge5 Rh8 34.Kg2 Rh5 35.h3 Kh6 36.h4 Kg7
37.Kh3 Rxe5 38.fxe5 Rf2 39.Rb1 f6 40.exf6+ Kxf6 41.g4 e5 42.Kg3 Rd2 43.g5+ Ke7
44.Nf3 Rd3 45.Kf2 Kd6 46.Re1 e4 47.Nd4 Ke5 48.Re3 Rd1 49.Kg3 Rg1+ 50.Kf2 Rb1
51.b3 b5 52.b4 Ra1 53.Re2 Bg4 54.Rd2 Kf4 55.Ne2+ Ke5 56.Nd4 Kf4 57.Ne2+ Bxe2
58.Kxe2 Ke5 59.Kf2 Rc1 60.Kg3 Rxc3+ 61.Kg4 Rc1 62.Rf2 Rg1+ 63.Kh3 e3 64.Rf8 Kd4
65.Re8 Kd3 66.Kh2 Rg4 67.Kh3 Re4  0-1

[Event "SUI-chT"]
[Site "SUI"]
[Date "1996.??.??"]
[Round "3"]
[White "Erismann, Peter"]
[Black "Kraehenbuehl, Gerhard"]
[Result "1/2-1/2"]
[WhiteElo "2245"]
[BlackElo "2265"]

1.e4 g6 2.d4 Bg7 3.Nc3 c5 4.dxc5 Qa5 5.Bd2 Qxc5 6.Nf3 d6 7.Bd3 Bg4 8.h3 Be6
9.O-O Nf6 10.Be3 Qc8 11.Qd2 O-O 12.Bh6 Nc6 13.Bxg7 Kxg7 14.Rfe1 a6 15.Qe3 b5
16.e5 Nxe5 17.Nxe5 dxe5 18.Qxe5 Qb8 19.Qxb8 Rfxb8 20.Ne4 Nxe4 21.Bxe4 Ra7
22.Red1 Rc7 23.Rd2 Rb6 24.Rd8 h5 25.a3 Rc4 26.Bd3 Rc5 27.Kf1 Rbc6 28.Rd1 Rb6
29.Ra1 Kf6 30.Ke2 Rg5 31.Kf1 Rc6 32.h4 Rgc5 33.g3 Bg4 34.Kg2 Rb6 35.f3 Be6
36.Kf2 Kg7 37.Re8 Rc7 38.Rd8 a5 39.Ke3 b4 40.axb4 axb4 41.Rd4 f6 42.Ra4 Rcb7
43.Ra6 Rxa6 44.Bxa6 Ra7 45.Bc4 Bf5 46.Bb3 Rb7 47.Rd8 g5 48.Rg8+ Kh6 49.Rh8+ Kg7
50.Rg8+ Kh7 51.Ra8 e5  1/2-1/2

[Event "Carl Schlechter mem"]
[Site "Vienna"]
[Date "1996.??.??"]
[Round "2"]
[White "Blatny, Frantisek"]
[Black "Todor, Razvan"]
[Result "1-0"]
[WhiteElo "2325"]
[BlackElo "2120"]

1.e4 g6 2.Nc3 Bg7 3.d4 c5 4.d5 d6 5.Be3 Na6 6.Qd2 Nc7 7.f3 a6 8.a3 b5 9.Nge2 Bd7
10.g4 a5 11.h4 b4 12.Nd1 h6 13.Ng3 Nf6 14.Rh2 h5 15.g5 Nh7 16.f4 Qc8 17.a4 Nf8
18.Rf2 Qb7 19.Bg2 Bg4 20.e5 Nd7 21.Ne4 O-O 22.c4 Qa6 23.Rc1 Rad8 24.Bf3 Bxf3
25.Rxf3 Nb6 26.b3 Qc8 27.Qh2 Qf5 28.Ndf2 dxe5 29.Bxc5 Nc8 30.Ng3 Qd7 31.f5 Nd6
32.f6 exf6 33.Bxd6 Qxd6 34.Nfe4 Qd7 35.gxf6 Bh6 36.Rd1 Qg4 37.Rdd3 Ne8 38.Nf2 Qc8
39.Qg2 Kh7 40.Nge4 Nd6 41.Nxd6 Rxd6 42.Ne4 Rdd8 43.Qh3 Qb7 44.Rf5 Bf4 45.Qf3 Rh8
46.Rxf4 exf4 47.Ng5+ Kg8 48.Qxf4 Qb6 49.Re3 Rf8 50.Qe5  1-0

[Event "Yerevan ol (Men)"]
[Site "Yerevan"]
[Date "1996.??.??"]
[Round "11"]
[White "Doghri, Nabil"]
[Black "Kasatchol, Sathit"]
[Result "1-0"]
[WhiteElo "2350"]
[BlackElo "2080"]

1.e4 g6 2.d4 Bg7 3.Nc3 c5 4.Nf3 cxd4 5.Nxd4 d6 6.Be3 Nf6 7.f3 O-O 8.Bc4 Nc6
9.Qd2 Bd7 10.O-O-O Rc8 11.Bb3 Ne5 12.h4 h5 13.Kb1 a6 14.Nde2 Nc4 15.Bxc4 Rxc4
16.e5 Ne8 17.Nf4 Rc6 18.g4 hxg4 19.h5 dxe5 20.Nfd5 gxh5 21.Rxh5 e6 22.Rdh1 f6
23.Bb6 Rxb6 24.Nxb6 Rf7 25.Qh2 Rf8 26.Rh7 Kf7 27.Rd1 Ke7 28.Rxd7+ Qxd7 29.Nxd7 Kxd7
30.Qh6 Rf7 31.Qg6 Re7 32.fxg4 Bf8 33.Rh8 Rg7 34.Qe4 Nd6 35.Qa4+ Ke7 36.Qb4 f5
37.Rxf8 Rxg4 38.Qb6  1-0

[Event "RUS-Cup4"]
[Site "Perm"]
[Date "1997.02.10"]
[Round "3"]
[White "Totsky, Leonid"]
[Black "Polovnikova, Ekaterina"]
[Result "1-0"]
[WhiteElo "2495"]
[BlackElo "2170"]

1.e4 g6 2.d4 Bg7 3.Nc3 c5 4.Be3 Qa5 5.Ne2 cxd4 6.Nxd4 Nc6 7.Qd2 Nf6 8.f3 O-O
9.O-O-O d6 10.Nb3 Qd8 11.Bh6 Re8 12.h4 Bh8 13.h5 Be6 14.Nd5 a5 15.a4 Rc8
16.hxg6 hxg6 17.Kb1 Bxd5 18.exd5 Nb4 19.c3 Nbxd5 20.Bb5 Qb6 21.g4 e6 22.c4 Nb4
23.Qh2 Qc7 24.Rxd6 Red8 25.Bf4 Bg7 26.Rxe6 Qxf4 27.Qxf4 fxe6 28.g5 Nd7 29.Qe4 Nf8
30.c5 Rc7 31.Bc4 Re7 32.f4 Nc6 33.Bb5 Nb4 34.Nxa5 Rd4 35.Qe2 Nd5 36.Nb3 Rxf4
37.Bc4 Ref7 38.Nd2 R7f5 39.Rf1 Re5 40.Rxf4 Rxe2 41.Rxf8+ Bxf8 42.Bxe2 Bxc5
43.Ne4 Be7 44.Kc2 Ne3+ 45.Kd3 Nf5 46.Kc4 Nd6+ 47.Nxd6 Bxd6 48.a5 Kf8 49.Kb5 Ke7
50.Kb6 Bb4 51.Bd3 Kd6 52.Bxg6 Bd2 53.Bd3 Bxg5 54.Kxb7 Be3 55.b4  1-0

[Event "FRA-chT9697 final"]
[Site "Clichy"]
[Date "1997.05.02"]
[Round "9"]
[White "Fontaine, Robert"]
[Black "Marcelin, Cyril"]
[Result "1-0"]
[WhiteElo "2320"]
[BlackElo "2300"]

1.e4 g6 2.d4 Bg7 3.Nc3 Nc6 4.d5 Nd4 5.Be3 c5 6.Qd2 e5 7.Na4 d6 8.c3 Bd7 9.b3 Nb5
10.Nb2 f5 11.a4 Nc7 12.Nc4 Qe7 13.Bxc5 dxc5 14.d6 Qd8 15.dxc7 Qxc7 16.Rd1 Be6
17.exf5 gxf5 18.Nf3 Rd8 19.Nd6+ Kf8 20.Bc4 Bh6 21.Ng5 Bxg5 22.Qxg5 Rxd6 23.Bxe6 Rxd1+
24.Kxd1 Qd6+ 25.Kc2 Qxe6 26.Rd1 Kf7 27.Qd8 Qf6 28.Rd7+ Ne7 29.Rxe7+ Qxe7
30.Qxh8 Kg6 31.Qg8+ Qg7 32.Qc8 Qe7 33.Qg8+ Qg7 34.Qd8 Qf6 35.Qd3 e4 36.Qg3+ Kf7
37.Qb8 Qe7 38.Qxa7 f4 39.Qb8 f3 40.Qf4+ Ke8 41.gxf3 exf3 42.Qxf3 Qh4 43.h3 b6
44.Qc6+ Kf8 45.Qf3+ Ke8 46.Kd3 Kd8 47.Qg3 Qh6 48.Qe3 Qg6+ 49.Qe4 Qg1 50.Qd5+ Kc8
51.Qf7 Kb8 52.Qf4+ Kb7 53.Qf3+ Ka7 54.Kc4 Qg8+ 55.Qd5 Qe8 56.Kd3 Qe1 57.Qf7+ Ka6
58.Qc4+ Ka7 59.Qf7+ Ka6 60.Qf8 Qd1+ 61.Kc4 Qe2+ 62.Kd5 Qd3+ 63.Kc6 Qe4+ 64.Kd6 h5
65.Qf7 Qd3+ 66.Kc7 Ka5 67.Qd7  1-0

[Event "Wch U20"]
[Site "Zagan"]
[Date "1997.07.19"]
[Round "6"]
[White "Gyimesi, Zoltan"]
[Black "Banikas, Hristos"]
[Result "1/2-1/2"]
[WhiteElo "2525"]
[BlackElo "2450"]

1.d4 g6 2.e4 Bg7 3.Nc3 d5 4.exd5 Nf6 5.Be2 Nxd5 6.Nxd5 Qxd5 7.Nf3 c5 8.Be3 cxd4
9.Bxd4 O-O 10.O-O Nc6 11.Bxg7 Qxd1 12.Rfxd1 Kxg7 13.Nd4 Nxd4 14.Rxd4 Bf5
15.c3 Rfd8 16.Rad1 Rxd4 17.Rxd4 e5 18.Rd2 Rc8 19.f3 Be6 20.a3 f5 21.Kf2 Kf6
22.h4 h6 23.Rd1 g5 24.hxg5+ hxg5 25.Rh1 Bf7 26.Rd1 Be6  1/2-1/2

[Event "Komercni Banka op"]
[Site "Pardubice"]
[Date "1997.07.21"]
[Round "5"]
[White "Vokarev, Sergey"]
[Black "Pedersen, Jacob Bang"]
[Result "1/2-1/2"]
[WhiteElo "2535"]
[BlackElo "2175"]

1.e4 g6 2.d4 Bg7 3.Nc3 Nc6 4.Be3 d5 5.e5 Nh6 6.f4 Ng4 7.Qd2 Bf5 8.Bd3 Bxd3
9.cxd3 f6 10.Nf3 fxe5 11.fxe5 Nxe3 12.Qxe3 e6 13.O-O O-O 14.Ne2 Qe7 15.a3 Nd8
16.g4 b6 17.Rac1 Nf7 18.g5 c5 19.h4 Rac8 20.Nf4 cxd4 21.Nxd4 Bxe5 22.Nc6 Qd6
23.Nxe5 Rxc1 24.Rxc1 Nxe5 25.Rf1 Rf5 26.Kg2 Kf7 27.Re1  1/2-1/2

[Event "BCF-ch"]
[Site "Hove"]
[Date "1997.08.12"]
[Round "8"]
[White "Sadler, Matthew"]
[Black "Turner, Matthew"]
[Result "1-0"]
[WhiteElo "2665"]
[BlackElo "2445"]

1.d4 g6 2.e4 Bg7 3.Nc3 d5 4.exd5 Nf6 5.Bc4 Nbd7 6.Bg5 O-O 7.Bb3 Nb6 8.Qf3 Bd7
9.Qf4 c6 10.d6 exd6 11.Qxd6 Bg4 12.Qxd8 Raxd8 13.h3 Rfe8+ 14.Be3 Be6 15.O-O-O Bd5
16.Nxd5 Nbxd5 17.Bxd5 Nxd5 18.Bg5 Bf6 19.Bxf6 Nxf6 20.Nf3 Re2 21.Rhf1 Ne4
22.Rfe1 Rxe1 23.Rxe1 f5 24.Re2 Kf7 25.c3 Kf6 26.Nd2 Nd6 27.Kc2 g5 28.Kd3 h5
29.f3 Rg8 30.Nc4 Nxc4 31.Kxc4 g4 32.fxg4 hxg4 33.hxg4 f4 34.Kc5 Rxg4 35.Kd6 Rh4
36.Kc7 Rh7+ 37.Kc8 b5 38.b3 Kf5 39.c4 bxc4 40.bxc4 Rh1  1-0

[Event "London"]
[Site "London"]
[Date "1997.10.21"]
[Round "6"]
[White "Shaked, Tal"]
[Black "Turner, Matthew"]
[Result "1/2-1/2"]
[WhiteElo "2500"]
[BlackElo "2445"]

1.d4 g6 2.e4 Bg7 3.Nc3 d5 4.exd5 Nf6 5.Bc4 Nbd7 6.Bb3 Nb6 7.Nf3 a5 8.a4 Nbxd5
9.Nxd5 Nxd5 10.h3 O-O 11.O-O h6 12.Re1 e6 13.Ne5 Ne7 14.Bf4 b6 15.Qd2 Kh7
16.Rad1 Bb7 17.c3 Nc6 18.Ng4 h5 19.Nh2 Ne7 20.Qe2 Nd5 21.Bc1 Bh6 22.Bxh6 Kxh6
23.Nf3 Qf6 24.Bc2 Nf4 25.Qe3 Bxf3 26.Qxf3 Nd5 27.Qxf6 Nxf6 28.h4 Rfd8 29.f3 Rd6
30.Re5 Rad8 31.Rde1 Nd7 32.R5e2 c5 33.dxc5 Nxc5 34.Kf2 Kg7 35.Rb1 Kf6 36.Ke3 e5
37.Ree1 Ke7  1/2-1/2

[Event "AUT-chT2S 9798"]
[Site "Austria"]
[Date "1997.11.15"]
[Round "3"]
[White "Witzany, Christoph"]
[Black "Singer, Richard"]
[Result "1-0"]
[WhiteElo "2120"]
[BlackElo "2160"]

1.e4 g6 2.d4 Bg7 3.Nc3 c5 4.Be3 Qa5 5.Nf3 Nc6 6.Be2 Nf6 7.O-O Ng4 8.Bd2 cxd4
9.Nd5 Qd8 10.Bg5 h5 11.Bb5 f6 12.Bh4 e5 13.h3 Nh6 14.Bxc6 dxc6 15.Nxe5 cxd5
16.Nxg6 Be6 17.Nxh8 Bxh8 18.Qxd4 Qb6 19.Qd2 Nf7 20.exd5 Bf5 21.Rfe1+ Kf8
22.Qc3 Rc8 23.Qa3+ Qc5 24.b4 Qc4 25.b5+ Kg7 26.Qg3+ Bg6 27.Bxf6+ Kxf6 28.Re6+ Kg7
29.Qxg6+ Kf8 30.Rae1 Qxd5 31.Re7 Bc3 32.R1e6 Qd1+ 33.Kh2 Be5+ 34.Rxe5 Nxe5
35.Qg7+  1-0

[Event "DEN-chT 9798"]
[Site "Denmark"]
[Date "1997.11.15"]
[Round "2"]
[White "Jorgensen, Per Henrik Dorff"]
[Black "Holst, Allan"]
[Result "1-0"]
[WhiteElo "2300"]
[BlackElo "2305"]

1.d4 g6 2.e4 Bg7 3.Nc3 c5 4.d5 d6 5.Nf3 Nf6 6.Be2 O-O 7.O-O Na6 8.Bf4 Nc7
9.a4 a6 10.h3 Bd7 11.e5 Nfe8 12.a5 Rb8 13.Qd2 b6 14.Bh6 bxa5 15.Bxg7 Kxg7
16.Ne4 Bf5 17.Ng3 dxe5 18.Nxf5+ gxf5 19.Nxe5 Rb6 20.Ra3 Rf6 21.Rd1 f4 22.Qxa5 Rf5
23.Nc6 Qd6 24.c4 Nf6 25.Bf3 Ra8 26.Nxe7 Re5 27.Nc6 Ree8 28.Rb3 Rac8 29.Rb7 Na8
30.b4 Nd7 31.Bg4 Rc7 32.Bxd7 Qxd7 33.Rxc7 Nxc7 34.bxc5 Kg8 35.Nd4 Re4 36.Qc3 Ne8
37.c6 Qd8 38.Nf3 Nd6 39.c5 Nf5 40.Qd3 Qe8 41.c7  1-0

[Event "Landesliga Nord9798"]
[Site "Bayern"]
[Date "1997.??.??"]
[Round "?"]
[White "Schoeller, Wolfgang"]
[Black "Rebscher, Ralf"]
[Result "1-0"]
[WhiteElo "2000"]
[BlackElo "1920"]

1.e4 g6 2.d4 Bg7 3.Nc3 c5 4.Nf3 cxd4 5.Nxd4 Nc6 6.Be3 d6 7.Nd5 e6 8.Nc3 Nf6
9.Be2 O-O 10.O-O a6 11.Qd2 Qc7 12.Rfd1 Ne5 13.Bf4 Nc4 14.Bxc4 e5 15.Bb3 exf4
16.Qxf4 Ng4 17.Nd5 Qd8 18.h3 Be5 19.Qd2 Nf6 20.Nxf6+ Qxf6 21.c3 Bf4 22.Qd3 Qh4
23.g3 Qg5 24.Ne2 Be5 25.f4 Qh6 26.fxe5 dxe5 27.g4 Qg5 28.Kh2 h5 29.gxh5 Qxh5
30.Rg1 Kg7 31.Rg3 Rh8 32.Qf3 Qxf3 33.Rxf3 Bg4 34.Rxf7+ Kh6 35.Kg3 Rad8 36.Rd1 Rxd1
37.Bxd1 Kg5 38.Re7 b5 39.Kg2 Rh4 40.Ng3  1-0